banner koha

Os cursos de cooperativismo (Registro n. 262577)

MARC details
000 -LÍDER
campo de controle de tamanho fixo 00846nac a22002657a 4500
001 - NÚMERO DE CONTROLE
campo de controle BR6009417
003 - IDENTIFICADOR DO NÚMERO DE CONTROLE
campo de controle BR-BrBNA
005 - DATA E HORÁRIO DA ÚLTIMA TRANSAÇÃO
campo de controle 20240105113227.0
008 - CAMPO DE DADOS FIXOS--INFORMAÇÃO GERAL
campo de controle de tamanho fixo 230509b bl.|||m| |||| 00| 0 por d
040 ## - FONTE DA CATALOGAÇÃO
Instituição da catalogação original BR-BrBNA
Idioma da catalogação por
Instituição que transcreveu o registro Biblioteca Nacional de Agricultura
072 ## - CÓDIGO DE CATEGORIA DE ASSUNTO
Código de Categoria de Assunto C00; E15
090 ## - NÚMERO DE CHAMADA LOCAL
Número de chamada C00 BR6009417
100 1# - ENTRADA PRINCIPAL--NOME PESSOAL
Nome pessoal Andreucci, B.P.
245 1# - TÍTULO
Título Os cursos de cooperativismo
260 3# - PUBLICAÇÃO, DISTRIBUIÇÃO, ETC.
Local de publicação, distribuição, etc. Sao Paulo, SP (Brasil):
Nome do editor, distribuidor, etc. Monismo,
Data da publicação, distribuição, etc. 1960.
300 ## - DESCRIÇÃO FÍSICA
Extensão 230 p.
490 ## - TÍTULO DA SÉRIE
Título da série Colecao da Escola Livre de Cooperativismo de Sao Paulo (Brazil)
Número do volume ou designação sequencial da série v. 1
ISSN - International Standard Serial Number
500 ## - NOTA GERAL
Nota geral Bibliography p. 221-226 (56 ref.). (*) Documento disponível na(o) INCRA, Brasilia, DF (Brazil)
650 ## - ASSUNTO--TERMO TÓPICO
Cabeçalho tópico ou nome geográfico Educacao
650 ## - ASSUNTO--TERMO TÓPICO
Cabeçalho tópico ou nome geográfico Microeconomia
650 ## - ASSUNTO--TERMO TÓPICO
Cabeçalho tópico ou nome geográfico Curso
650 ## - ASSUNTO--TERMO TÓPICO
Cabeçalho tópico ou nome geográfico Cooperativa
909 ## -
-- 202312
-- Lúcia Elande
-- 55
-- Lúcia Elande
942 ## - ELEMENTOS DE ENTRADA ADICIONADOS (KOHA)
Fonte da classificação ou esquema de arquivamento na estante Classificação AGRIS
Ocultar no OPAC Não
Tipo de material Koha Monografia Seriada
Exemplares
Situação do descarte Fonte da classificação ou esquema de arquivamento na estante Situação física Não pode ser emprestado Coleção Biblioteca de origem Biblioteca atual Localização na estante Total de empréstimos Data de último acesso Tipo de material Koha Nota pública Fonte de aquisição
  Classificação AGRIS   INDISPONÍVEL   Biblioteca Nacional de Agricultura - Binagri Biblioteca Nacional de Agricultura - Binagri Agrobase - Acervo Geral   18/12/2023 Monografia Seriada Bibliography p. 221-226 (56 ref.). (*) Documento disponível na(o) INCRA, Brasilia, DF (Brazil) Portaria Interministerial nº 164/94

BINAGRI

Telefone: (61)3218-2567/2388/3357/2097 - binagri@agro.gov.br

Ministério da Agricultura e Pecuária , Esplanada dos Ministérios, Bloco D, Anexo B, Brasília/DF, CEP: 70.043-900